<Les> Aspects choisis du management des entreprises franco-slovaques

Salvato in:
Dettagli Bibliografici
Autore principale: Kita, Jaroslav
Natura: Capitolo di libro
Lingua:francese
Tags: Aggiungi Tag
Nessun Tag, puoi essere il primo ad aggiungerne!!

MARC

LEADER 00000naa$a2200000$$$4500
001 0147582
005 20240502072650.5
041 0 |a fre 
044 |a SK 
245 1 0 |a <Les> Aspects choisis du management des entreprises franco-slovaques  |c Jaroslav Kita 
100 1 |a Kita, Jaroslav